000 00983nas a2200325 4500
001 BR0604209
003 BR-BrBNA
005 20231205110354.0
007 ta
008 230509b bl.|||p| |||| 00| 00por d
040 _aBR-BrBNA
_bpor
_cBiblioteca Nacional de Agricultura
041 _a(Pt)
072 _aF03
100 1 _aYagi, R.
100 1 _aSimili, F.F.
100 1 _aAraújo, J.C. de
100 1 _aPrado, R. de M.
100 1 _aSanchez, S.V.
100 1 _aRibeiro, C.E.R.
100 1 _aBarretto, V.C. de M.
245 1 _aAplicação de zinco via sementes e seu efeito na germinação, nutrição e desenvolvimento inicial do sorgo
650 _aSORGO
650 _aSEMENTE
650 _aGERMINAÇÃO
650 _aMICROELEMENTO
650 _aTRATAMENTO DE SEMENTE
773 0 _tPesquisa Agropecuária Brasileira (Brazil)
_xISSN 0100-204X
_g(Apr 2006), v. 41(4) p. 655-660
_wBR0604209
909 _a202311
_bLúcia
_c55
_dLúcia Elande
942 _2AGRIS
_n0
_cANA
999 _c187144
_d187144